Mizící hmyzíci : pohádka /

Main Author: Krolupperová, Daniela, 1969-
Other Authors: Chupíková, Eva, 1974-
Language: Czech
Published: Praha : Portál, 2013
Edition: Vyd. 1.
Subjects:
Physical Description: 95 s. : barev. il. ; 20 cm
Book
Saved in:
LEADER 01442nam a2200421 a 4500
001 nkc20132484037
003 CZ PrNK
005 20140416120135.0
007 ta
008 130918s2013 xr a a 000 f cze
015 |a cnb002484037 
020 |a 978-80-262-0470-1  |q (váz.) 
035 |a (OCoLC)879563748 
040 |a ABA001  |b cze  |d OLA001 
072 7 |a 821.162.3-3  |x Česká próza  |2 Konspekt  |9 25 
072 7 |a 821-93  |x Literatura pro děti a mládež (beletrie)  |2 Konspekt  |9 26 
080 |a 821.162.3-34  |2 MRF 
080 |a 821-93  |2 MRF 
080 |a 595.7  |2 MRF 
080 |a (0:82-34)  |2 MRF 
100 1 |a Krolupperová, Daniela,  |d 1969-  |7 xx0012658  |4 aut 
245 1 0 |a Mizící hmyzíci :  |b pohádka /  |c Daniela Krolupperová ; ilustrace Eva Chupíková 
250 |a Vyd. 1. 
260 |a Praha :  |b Portál,  |c 2013 
300 |a 95 s. :  |b barev. il. ;  |c 20 cm 
500 |a Odpovědi u kapitol tištěny zvratmo 
650 0 7 |a hmyz  |7 ph114681  |2 czenas 
650 0 9 |a insects  |2 eczenas 
655 7 |a české pohádky  |7 fd133970  |2 czenas 
655 7 |a publikace pro děti  |7 fd133156  |2 czenas 
655 9 |a Czech fairy tales  |2 eczenas 
655 9 |a children's literature  |2 eczenas 
700 1 |a Chupíková, Eva,  |d 1974-  |7 hka2010568795  |4 ill 
910 2 |a BOA001  |b 2-1323.899 
990 |a BK 
995 |a 01 
991 |b 201404  |c NOV  |e db 
996 6 |b 2610586812  |c 2-1323.899  |l MZK  |r Sklad / do 1 hodiny  |n 3  |p p.v.  |w 001412467  |u 000010  |a 1  |e BOA001  |j MZK50  |s P